00857nam a2200241Ia 4500003000400000005001700004008004100021020001800062040000700080041000800087082002000095100002400115245004700139250000700186260005000193300001700243365001300260906005100273942001200324999001900336952013000355952013000485OSt20230503164345.0210423s2010 xx 000 0 und d a9788171947690 cAL aeng a657.46 DATV223 aDATEY (V S).985260 aTaxmanns indirect taxes: law and practice. a25 aNew DelhibTaxmann Publications Pvt Ltdc2010 aI-28,887bPB b495cINR aindirect ; law ; practice. ; taxes: ; Taxmanns 2ddccBK c159050d159050 001040708MCOMaSACPGbSACPGd2010-10-18eBook Worldg495.00l0o657.46 DATVpPG005527r2022-08-24 00:00:00w2021-04-26yBK 001040708MCOMaSACPGbSACPGd2010-10-18eBook Worldg495.00l0o657.46 DATVpPG005528r2022-08-24 00:00:00w2021-04-26yBK